Khám phá một số điều kiện cần cho kết quả kinh doanh thông qua phương pháp NCA /
Uloženo v:
| Hlavní autor: | |
|---|---|
| Další autoři: | |
| Médium: | Článek |
| Jazyk: | Vietnamese |
| Témata: | |
| Tagy: |
Přidat tag
Žádné tagy, Buďte první, kdo otaguje tento záznam!
|
| Thư viện lưu trữ: | Thư viện Trường Đại học Đà Lạt |
|---|
| LEADER | 00877nam a2200289 4500 | ||
|---|---|---|---|
| 001 | DLU180188076 | ||
| 005 | ##20181022 | ||
| 040 | # | # | |a DLU |b vie |
| 041 | # | # | |a vie |
| 044 | # | # | |a vn |
| 100 | # | # | |a Nguyễn Đình Thọ. |
| 245 | # | # | |a Khám phá một số điều kiện cần cho kết quả kinh doanh thông qua phương pháp NCA / |c Nguyễn Đình Thọ. |
| 653 | # | # | |a Kết quả kinh doanh |
| 653 | # | # | |a NCA |
| 653 | # | # | |a Tính chủ động |
| 653 | # | # | |a Tính sáng tạo |
| 700 | # | # | |a Đào Trung Kiên. |
| 773 | # | # | |t Kinh tế & Phát triển |g Số 231, 2016, tr. 94-102 |
| 920 | # | # | |a Phòng Tạp chí -- Trung tâm Thông tin - Thư viện Trường Đại học Đà Lạt |
| 994 | # | # | |a DLU |
| 900 | # | # | |a True |
| 911 | # | # | |a Nguyễn Thị Thu Phương |
| 925 | # | # | |a G |
| 926 | # | # | |a A |
| 927 | # | # | |a BB |
| 980 | # | # | |a Thư viện Trường Đại học Đà Lạt |